| 000 | 00705nam a22002057a 4500 | ||
|---|---|---|---|
| 999 |
_c9023 _d9023 |
||
| 003 | AR-CdUCM | ||
| 008 | 190327b ||||| |||| 00| 0 spa d | ||
| 040 |
_aMUNICIPALIDAD PROVINCIAL DEL CUSCO _cBIBLIOTECA MUNICIPAL DEL CUSCO |
||
| 082 |
_a342.6185 / _bF26 |
||
| 100 |
_aFaura Gaig, Guillermo S, _924970 |
||
| 245 | _aEl mar peruano y sus límites / | ||
| 260 |
_aLima : _bAmauta, _c1977. |
||
| 300 |
_a338 paginas ; _c21 cm. |
||
| 505 | _aContenido : El mar frente al derecho internacional -- El mar peruano -- Los limites del mar peruano ... | ||
| 650 |
_a200 millas (Dominio marítimo) _924971 |
||
| 650 |
_aEl mar peruano _918487 |
||
| 650 |
_aPerú. _935 |
||
| 942 |
_2ddc _cLIBROS |
||
| 945 | _arah | ||